000 00663nam a2200241 i 4500
001 C2-0316760
003 PPAK
005 20180728112846.0
008 120808s2010 my |||| ||||| | may d
020 _a9789676124258
040 _aPPAK
_beng
_cPPAK
_erda
082 0 4 _a899.233
_223
090 0 0 _a899.233
_bNUR
_dG
100 0 _aNurul Izwazi Mohd Nor,
_eauthor
245 1 0 _aKronikel bumi
264 1 _aKuala Lumpur :
_bUtusan Publications & Distributors Sdn Bhd ,
_c2010
300 _a367 pages ;
_c18 cm
336 _2rdacontent
_atext
337 _2rdamedia
_aunmediated
338 _2rdacarrier
_avolume
650 1 0 _aMalay fiction.
942 _ddc
_cB
999 _c117873
_d117873